000 00723nam a2200241 a 4500
001 BRCA_7859
005 20190320210028.0
008 191113s1966----sz-a######---#000-0#eng-#
041 _aeng
044 _asz
050 4 _aND565
_b.B46 1966
100 1 _aBenesch, Otto
_912725
245 1 0 _aGerman painting from Durer to Holbein
_ctext by Otto Benesch ; tr. from the german by H. S. B. Harrison.
260 _aGinebra, Suiza
_bA. Skira
_cc1966
300 _a197 p.
_bil. a color, 87 láminas
_c35 cm.
500 _aY85
650 1 4 _aPintura alemana
_99335
650 1 4 _aPintura renacentista
_97759
650 1 4 _aPintura
_xHistoria
_919450
700 1 _aHarrison, H. S. B.
_etr.
_919451
902 _aGFM
942 _2lcc
_cB
999 _c7533
_d7533